000 00507nam a2200133Ia 4500
008 151213s9999 xx 000 0 und d
100 _aতধশধৎরধ ঝযরৎধুর
245 _aঅনরফ অুধফ ঝবষবপঃবফ চড়বসং
_cতধশধৎরধ ঝযরৎধুর
260 _aউযধশধ
_bঝযরষঢ়ধঃধৎড়ড়
_c1993
300 _a8719 p.
650 _aBangla
700 _aতধশধৎরধ ঝযরৎধুর
999 _c4505
_d4505